| 000 | 01208nam a22002177a 4500 | ||
|---|---|---|---|
| 005 | 20260305130453.0 | ||
| 008 | 220323b ||||| |||| 00| 0 eng d | ||
| 020 | _a9789354243820 | ||
| 040 | _cAL | ||
| 041 | _aEnglish | ||
| 082 |
_a574.192 _bVOEV |
||
| 100 |
_aDonald Voet _925255 |
||
| 245 | _aVoets biochemistry | ||
| 260 |
_aNew Delhi _bWiley _c2021 |
||
| 300 |
_axxiv,1473p. _bPB _c27.5x21cm |
||
| 365 |
_2General _a6468 _b₹3584.00 _c₹ _d₹4595.00 _e22% _f12/03/2022 |
||
| 520 | _aA new book is a book previously not circulated to a buyer. Although a new book is typically free of any faults or defects, "new" is not actually a description of condition as a new book may possibly display shelf wear from the shop or distributor supplying it or printing errors or defects from publishing that were not detected. The actual specifics of a new book may be hard for a bookseller to state or predict as they may be shipping one of any number of copies of the title to fill the order. This, as opposed to As New which describes a used book that is determined to be free of any faults or wear. | ||
| 650 |
_2Biochemistry _aBiochemistry _929703 |
||
| 700 |
_aVoet, Judith G _925256 |
||
| 942 |
_2ddc _cBK |
||
| 999 |
_c221998 _d221998 |
||